El héroe y el soldado: comedia antiromántica en tres actos

保存先:
書誌詳細
第一著者: Shaw, George Bernard (著者)
フォーマット: 図書
言語:スペイン語
出版事項: Buenos Aires s.n 1923
主題:
タグ: タグ追加
タグなし, このレコードへの初めてのタグを付けませんか!

MARC

LEADER 00000nam a2200000 a 4500
001 UCH2935
003 CL-VaPUC
008 090709e19230000ag |||||||||||||||||spa|d
082 0 4 |a 822  |b SHA  |2 21 
100 0 |a Shaw, George Bernard  |e author  |9 322529 
245 1 3 |a El héroe y el soldado: comedia antiromántica en tres actos 
300 |a 91 p 
942 |c BK 
945 |d 20090709 00:00:00  |a rbrito 
260 |a Buenos Aires  |b s.n  |c 1923 
650 0 |a Teatro inglés  |9 265744 
650 0 |a Dramas ingleses  |9 269396 
583 |a last modification  |c 20180110 11:18:39  |k Rodrigo Vera 
999 |c 334595  |d 334593 
952 |0 0  |1 0  |4 0  |6 822_000000000000000_SHA_1923  |7 0  |8 X  |9 423706  |a FDOBUD  |b FDOBUD  |d 2019-11-22  |i 4566602  |o 822 SHA 1923  |p 4566602  |r 2019-11-22  |w 2019-11-22  |y BK_X  |k BUD